Por qué el elefante tiene la trompa así / (Registro nro. 15832)

Detalles MARC
000 -LEADER
fixed length control field 01654nam a22003017a 4500
003 - CONTROL NUMBER IDENTIFIER
control field OSt
005 - DATE AND TIME OF LATEST TRANSACTION
control field 20221014124850.0
008 - FIXED-LENGTH DATA ELEMENTS--GENERAL INFORMATION
fixed length control field 220211s2017 ck a|||br|||| 00| 1 spa d
020 ## - INTERNATIONAL STANDARD BOOK NUMBER
International Standard Book Number 9789585419568
040 ## - CATALOGING SOURCE
Original cataloging agency CO-JMCR
Transcribing agency CO-JMCR
041 1# - LANGUAGE CODE
Language code of text/sound track or separate title spa
Language code of original eng
082 ## - DEWEY DECIMAL CLASSIFICATION NUMBER
Classification number C /
Item number KIPp
Edition number 23
100 1# - MAIN ENTRY--PERSONAL NAME
Personal name kipling, Rudyard,
Relator term autor
9 (RLIN) 41942
245 10 - TITLE STATEMENT
Title Por qué el elefante tiene la trompa así /
Statement of responsibility, etc. Rudyart Kipling ; ilustrado por Daniel Gómez ; traductor Juan Fernando Merino ; editor Iván Hernández
246 13 - VARYING FORM OF TITLE
Title proper/short title Por qué tiene manchas el leopardo
250 ## - EDITION STATEMENT
Edition statement Primera edición
260 ## - PUBLICATION, DISTRIBUTION, ETC.
Place of publication, distribution, etc. Bogotá :
Name of publisher, distributor, etc. Ministerio de Educación,
Date of publication, distribution, etc. 2017.
300 ## - PHYSICAL DESCRIPTION
Extent 31 páginas :
Other physical details ilustraciones a color ;
Dimensions 27 cm.
490 0# - SERIES STATEMENT
Series statement Leer es mi cuento ;
Volume/sequential designation 23
520 3# - SUMMARY, ETC.
Summary, etc. Este autor, uno de los más importantes y queridos de Inglaterra, vivió por años en India y escribió sobre ese país muchísimos libros que hicieron que lectores de todo el mundo se interesaran por sus gentes, su religión y su cultura. Estos dos cuentos de Kipling que hoy presentamos a los niños colombianos, han sido leídos por lectores del mundo entero. Seguramente los niños colombianos también gozarán y se divertirán viendo cómo y por qué las cosas son como son. ¿No será, acaso, que el elefante tiene trompa y el leopardo manchas porque les pasó lo que él cuenta que les pasó?
650 14 - SUBJECT ADDED ENTRY--TOPICAL TERM
Topical term or geographic name entry element Animales
650 24 - SUBJECT ADDED ENTRY--TOPICAL TERM
Topical term or geographic name entry element Cuentos infantiles ingleses
650 24 - SUBJECT ADDED ENTRY--TOPICAL TERM
Topical term or geographic name entry element Animales en la selva
9 (RLIN) 41943
700 1# - ADDED ENTRY--PERSONAL NAME
Personal name Gómez, Daniel,
Relator term ilustrador
9 (RLIN) 41922
700 1# - ADDED ENTRY--PERSONAL NAME
Personal name Merino, Juan Fernando,
Relator term traductor
9 (RLIN) 41911
700 1# - ADDED ENTRY--PERSONAL NAME
Personal name Hernández, Iván,
Relator term editor
9 (RLIN) 8307
942 ## - ADDED ENTRY ELEMENTS (KOHA)
Source of classification or shelving scheme Dewey Decimal Classification
Koha item type Books
Existencias
Withdrawn status Lost status Source of classification or shelving scheme Damaged status Not for loan Collection code Home library Current library Shelving location Date acquired Source of acquisition Total Checkouts Full call number Barcode Date last seen Date last checked out Copy number Price effective from Koha item type
    Dewey Decimal Classification     Fiction Biblioteca Pública José María del Castillo y Rada Biblioteca Pública José María del Castillo y Rada Children's Area 02/11/2022 Donación 2 C / KIPp 201811386 09/08/2025 09/05/2025 Ej.1 02/11/2022 Books